🌎☆Střední Amerika☆ - Statistics

General Stats
  • This quiz has been taken 60 times
  • The average score is 5 of 15
Answer Stats
Question Answer % Correct
Který stát zasáhlo roku 2010 ničivé zemětřesení, kterému podlehlo přes 200,000 lidí? Haiti
75%
Který stát se nepodílel na kolonizaci Karibiku? Itálie
55%
Který z těchto "Svatých" ostrovů není nezávislý stát? Svatý Martin
50%
Kdo spravuje Panamský průplav? Panama
45%
Který stát má největší míru vražd na obyvatele na světě? Salvador
45%
Na který ostrovní stát v Karibiku provedly roku 1983 Spojené státy invazi a svrhly zde tamějšího komunistického premiéra Maurice Bishopa? (Mimochodem tento stát byl tehdy součástí britského Commonwealthu) Grenada
40%
Které z těchto belizijských měst je hlavním městem tohoto státu? Belmopan
35%
Které město se nenachází na Kubě? Port-au-Prince
30%
Který z těchto ostrovů není součástí Nizozemského království - tz. nemá autonomii? (ps. Nizozemí a Nizozemské království není totéž). Saba
30%
Co z uvedeného nebylo součástí Západoindické federace? (ps. nemá to nic společného s Indií). Belize
25%
Která z těchto osobností není původem z Jamajky? Derek Alton Walcott
25%
Jak se jmenoval diktátor na Haiti, který se proslavil praktikováním Voodoo a kanibalismem? François "Papa Doc" Duvalier
25%
Jak se jmenovala loď kubánských revolucionářů na níž se dopravili na Kubu? Granma
25%
Co byl první černošský stát mimo Afriku? Haiti
15%
Jak se jmenovala skotská kolonie, jejíž realizace zruinovala Skotsko, které se kvůli tomu stalo součástí Velké Británie? Darién
10%
No matching quizzes found
Score Distribution
Percent of People with Each Score
Percentile by Number Answered
Your Score History
You have not taken this quiz